مكتبة جامعة عجلون الوطنية

فهرس بحث المكتبة

Normal view MARC view
  • اسماعيل، سمير محمد

Entry Personal Name

Number of records used in: 1

001 - CONTROL NUMBER

  • control field: 64551

003 - CONTROL NUMBER IDENTIFIER

  • control field: JO-AjAnu

005 - DATE AND TIME OF LATEST TRANSACTION

  • control field: 20231129123630.0

008 - FIXED-LENGTH DATA ELEMENTS

  • fixed length control field: 231129|| aca||aabn | a|a d

040 ## - CATALOGING SOURCE

  • Original cataloging agency: JO-AjAnu

100 #1 - HEADING--PERSONAL NAME

  • Linkage: اسماعيل، سمير محمد
  • Personal name: اسماعيل، سمير محمد